000 00391nam a2200157 i 4500
001 bg
100 1 _aKOLBIŃSKI, K.
245 0 _aMateriałoznawstwo elektrotechniczne /
_cK. Kolbiński, J. Słowikowski.
250 _aWyd.3 zm.
260 _aWarszawa,
_c1988.
700 1 _aSŁOWIKOWSKI, J.
040 _cBPK
041 _apol
942 _cKS
008 s pl f |000 0 pol
999 _c3719
_d3719
856 _uhttp://koha.tu.koszalin.pl/cgi-bin/koha/opac-detail.pl?biblionumber=3719
_yKatalog online BPK